The angry goddess / (Record no. 57296)

MARC details
000 -LEADER
fixed length control field 00667nam a22002057a 4500
005 - DATE AND TIME OF LATEST TRANSACTION
control field 20111005101750.0
010 ## - LCCN (DPL NO)
LC control number G-001711
020 ## - INTERNATIONAL STANDARD BOOK NUMBER
Terms of availability 100.00
International Standard Book Number 8186849440
035 1d - SYSTEM CONTROL NUMBER
System control number G-001711
037 ## - SOURCE OF ACQUISITION
Source of stock number/acquisition Gift
082 ## - DEWEY DECIMAL CLASSIFICATION NUMBER
Classification number S
100 ## - MAIN ENTRY--PERSONAL NAME
Personal name Jai Ratan
245 E# - TITLE STATEMENT
Title The angry goddess /
Statement of responsibility, etc by Jai Ratan
260 ## - PUBLICATION, DISTRIBUTION, ETC. (IMPRINT)
Place of publication, distribution, etc Delhi
Name of publisher, distributor, etc Asia Publishers
Date of publication, distribution, etc 2009
270 ## - ADDRESS
Address A-36, Chetak Apartments, Sector-9, Rohini
City Delhi
Postal code 110085
300 ## - PHYSICAL DESCRIPTION
Extent 64p.
Dimensions 22cm(Hb)
942 ## - ADDED ENTRY ELEMENTS (KOHA)
Source of classification or shelving scheme Dewey Decimal Classification
Item type Children Books
Classification part S
Call number suffix JAI
Holdings
Withdrawn status Lost status Not for loan Collection code Home library Current library Date acquired Source of acquisition Cost, normal purchase price Full call number Barcode Copy number Cost, replacement price Koha item type
      Fiction Janak Puri Janak Puri 05/10/2011 gift 100.00 S JAI G-001711 1 100.00 Children Books

© Delhi Public Library
Hit Counter
free hit counter